00539nam a2200205 a 4500001001300000003000900013005001700022008004100039020002300080082001500103100002100118245004100139260004100180300000900221500003500230505001000265650002100275650001600296700002100312nice12345678IN_TiNIC20260116013911.0050524s1992 newa grp 000 0 eng  a8170368 c35000a340.9bPAR aPrashar, Archana aWomen and Family Law Reform in India aNew Delhi bSage Publications c1992 a348p aincludes index and biblioraphy2 aIndex aCivil-Code India aWomen-India1 aPrashar, Archana